Inovace v českých pojišťovnách: klíč k přežití v digitální éře

Zameranie sa na to, či, ako a kde poisťovne vo svete a v ČR, inovujú. Skúmanie, či inovácie predstavujú pre poisťovne hnací motor alebo hrozbu.

Uložené v:
Podrobná bibliografia
Hlavný autor: Koblížek, Petr
Ďalší autori: Veselý, Karel, Šiška, Jakub
Médium: Kapitola
Jazyk:Czech
Predmet:
Tagy: Pridať tag
Žiadne tagy, Buďte prvý, kto otaguje tento záznam!

MARC

LEADER 00000naa a2200000 4500
001 0308021
005 20250407130952.4
041 0 |a cze 
044 |a CZ 
245 1 0 |a Inovace v českých pojišťovnách: klíč k přežití v digitální éře  |c Petr Koblížek, Karel Veselý, Jakub Šiška 
520 |a Zameranie sa na to, či, ako a kde poisťovne vo svete a v ČR, inovujú. Skúmanie, či inovácie predstavujú pre poisťovne hnací motor alebo hrozbu. 
610 2 0 |a inovácia 
610 2 0 |a inovácie technologické 
610 2 0 |a inteligencia umelá 
610 2 0 |a automatizácia 
610 2 0 |a chatboty 
610 2 0 |a spokojnosť zákazníkov 
610 2 0 |a poisťovníctvo 
100 1 |a Koblížek, Petr 
700 1 |a Veselý, Karel 
700 1 |a Šiška, Jakub